[Event "XVII MetLife Najdorf Open 2017"]
[Site "Warsaw"]
[Date "2017.07.16"]
[Round "8"]
[White "Das, Sayantan"]
[Black "Kanarek, Marcel"]
[Result "0-1"]
[WhiteElo "2399"]
[BlackElo "2509"]
[Annotator "TA"]
[PlyCount "84"]
[EventDate "2017.??.??"]
[EventType "swiss"]
[EventCountry "POL"]
[SourceTitle "playchess.com"]
[Source "ChessBase"]
[SourceQuality "1"]

{[%evp 27,84,6,10,0,20,11,28,0,0,-13,5,13,17,-32,-18,-36,21,0,0,-6,-13,-76,-62,-64,-24,-26,0,-85,-75,-67,32,32,34,33,33,37,154,163,149,-1,-3,-519,-519,-504,-493,-484,-472,-560,-553,-539,-523,-553,-527,-799,-792,-869,-864,-795,-792]} 1. e4 c5 2. Nf3 Nc6 3. d4 cxd4 4. Nxd4 e6 5. Nc3 Nf6 6. Ndb5 d6 7. Bf4 e5 8. Bg5 a6 9. Na3 b5 10. Bxf6 gxf6 11. Nd5 f5 12. g3 fxe4 13. Bg2 Bf5 14. f3 {B33: Sicilian: Pelikan and Sveshnikov Variations} (14. O-O Bg7 15. Re1 O-O 16. Bxe4 Bg6 17. c3 Ra7 18. Bxg6 hxg6 19. Nc2 a5 20. a4 Rb7 21. Nce3 e4 {1-0 (65) Mastrovasilis,D (2602)-Brodowski,P (2442) Gorzow Wielkopolski 2014}) 14... Bg7 {LiveBook: 3 Games} 15. O-O {[#]} e3 $1 {[%mdl 512]} 16. f4 $146 {Strongly threatening fxe5.The position is equal.} (16. Nxe3 Qb6) ({Predecessor:} 16. Nxe3 Qb6 17. Re1 O-O 18. Kh1 Be6 19. c3 Rad8 20. f4 d5 21. f5 d4 {½-½ (30) Kruchev,B (2310)-Popov,E (2059) Sochi 2014}) 16... O-O 17. fxe5 Bg6 18. Qe1 Bxe5 19. c3 Re8 20. Rf3 Ne7 21. Nxe3 {[#]} Qb6 (21... b4 $1 $15 {[%mdl 512]} 22. Nac4 (22. cxb4 Bxb2) 22... Bg7) 22. Rf2 Rac8 {And now ...Bxc3! would win.} 23. Qd2 Bg7 24. Nd5 (24. Rd1 $1 $11) 24... Nxd5 $17 25. Bxd5 b4 26. Nc4 Qc5 27. Rd1 (27. cxb4 $11 Qd4 28. Nxd6) 27... bxc3 28. bxc3 {Threatening Nxd6!} Bh5 {[#]} ({Black should play} 28... Rc7 $15) 29. g4 $1 $14 {[%cal Rg4h5][%mdl 512]} Bxg4 {White must now prevent ...Re2.} 30. Bxf7+ Kh8 31. Bxe8 Rxe8 (31... Qxc4 $14 32. Re1 Be6) 32. Nxd6 $16 Rf8 ({Not} 32... Re2 33. Nf7+ Kg8 34. Qd8+ Qf8 35. Nh6+ $1 {[%mdl 512]} Bxh6 36. Rxf8+ Bxf8 37. Rf1) 33. Re1 ({White must play} 33. Ne4 $16 Qb6 34. Re1) 33... Bxc3 $40 {[%mdl 128] Black is up to no good.} 34. Qe3 $2 {[%mdl 8192] [#]} (34. Ne4 $1 $11 Qxf2+ 35. Qxf2 Rxf2 36. Kxf2 Bxe1+ 37. Kxe1) 34... Bd4 $3 $19 {[%cal Rd4e3][%mdl 512] Black is clearly winning.} 35. Rxf8+ Kg7 {[%cal Bh8g7,Bg7g8,Bg8f7][%mdl 32]} 36. Rf7+ Kg8 37. Qxd4 Qxd4+ 38. Rf2 Qxd6 39. Rg2 Qd4+ 40. Kh1 Kf7 41. Rf1+ Ke7 42. h3 {[#]} Bf3 $1 {[%mdl 512] Precision: White = 23%, Black = 58%.} 0-1

[Event "XVII MetLife Najdorf Open 2017"]
[Site "Warsaw"]
[Date "2017.07.16"]
[Round "8"]
[White "Konguvel, Ponnuswamy"]
[Black "Eggink, Ryszard"]
[Result "1-0"]
[WhiteElo "2388"]
[BlackElo "2322"]
[Annotator "NA"]
[PlyCount "99"]
[EventDate "2017.??.??"]
[EventType "swiss"]
[EventCountry "POL"]
[SourceTitle "playchess.com"]
[Source "ChessBase"]
[SourceQuality "1"]
[TimeControl "40/5400+30:1800+30"]

1. e4 {[%emt 0:00:00]} c5 {[%emt 0:00:06]} 2. Nf3 {[%emt 0:00:00]} d6 {[%emt 0:00:01]} 3. d4 {[%emt 0:00:07]} cxd4 {[%emt 0:00:02]} 4. Nxd4 {[%emt 0:00:06]} Nf6 {[%emt 0:00:05]} 5. Nc3 {[%emt 0:00:04]} a6 {[%emt 0:00:03]} 6. Bg5 {[%emt 0:00:25]} Nbd7 {[%emt 0:00:01]} 7. Bc4 {[%emt 0:00:46]} Qa5 {[%emt 0:00:10]} 8. Qd2 {[%emt 0:00:44]} e6 {[%emt 0:00:05]} 9. O-O-O {[%emt 0:03:18]} b5 {[%emt 0:02:21]} 10. Bb3 {[%emt 0:13:25]} Bb7 {[%emt 0:05:13]} 11. Rhe1 {[%emt 0:00:36]} O-O-O {[%emt 0:04:01]} 12. a3 {[%emt 0:00:44]} Be7 {[%emt 0:07:10] B94: Sicilian Najdorf: 6 Bg5 Nbd7} 13. Kb1 {[%emt 0:06:10]} Kb8 {[%emt 0:00:12]} 14. f3 {[%emt 0:00:20]} h6 {[%emt 0:02:29]} (14... Rc8 15. Be3 h5 16. Ba2 h4 17. Bf2 Ne5 18. Qe3 Rxc3 19. Qxc3 Qxc3 20. bxc3 {1-0 (73) Vocaturo,D (2606)-Salinas Herrera,P (2466) Antofagasta 2017}) 15. Be3 {[%emt 0:02:07]} g5 $146 {[%emt 0:01:40]} ({Predecessor:} 15... Ne5 16. Na2 Qxd2 17. Bxd2 Nfd7 18. Bb4 Nc5 19. Nc1 g5 20. Ba2 {0-1 (41) Sherwin,J-Reshevsky,S New York 1959}) 16. Qf2 {[%emt 0:30:33]} Rc8 {[%emt 0:02:58]} 17. Nde2 {[%emt 0:03:44]} Qc7 {[%emt 0:07:22]} 18. Rd2 {[%emt 0:05:06]} Ne5 {[%emt 0:07:53]} 19. Bb6 {[%emt 0:03:47]} Qc6 {[%emt 0:00:36]} 20. Ba5 {[%emt 0:02:02]} Bd8 {[%emt 0:13:29]} 21. Bxd8 {[%emt 0:05:21]} Rhxd8 {[%emt 0:00:09]} 22. Red1 {[%emt 0:00:03]} Rd7 {[%emt 0:03:41]} 23. Qg3 {[%emt 0:04:45]} Rcd8 {[%emt 0:06:33]} 24. Rd4 {[%emt 0:02:06]} Qc5 {[%emt 0:02:14]} 25. Qh3 {[%emt 0:07:28]} h5 {[%emt 0:02:49]} 26. Qg3 {[%emt 0:00:43]} Nc6 {[%emt 0:04:34]} 27. R4d2 {[%emt 0:00:01]} h4 {[%emt 0:02:56]} 28. Qe1 {[%emt 0:00:08]} Ne5 {[%emt 0:00:06]} 29. Nd4 {[%emt 0:01:05]} Ng6 {[%emt 0:04:23]} 30. a4 {[%emt 0:03:30]} b4 {[%emt 0:01:12]} 31. Nce2 {[%emt 0:00:54]} d5 {[%emt 0:04:52]} 32. exd5 {[%emt 0:01:51]} Nxd5 {[%emt 0:00:02]} 33. Bxd5 {[%emt 0:00:24]} Rxd5 {[%emt 0:02:27]} 34. Nb3 {[%emt 0:00:11]} Qb6 {[%emt 0:00:58]} 35. a5 {[%emt 0:01:54]} Qb5 {[%emt 0:00:06]} 36. Rxd5 {[%emt 0:01:29]} Rxd5 {[%emt 0:00:01]} 37. Rxd5 {[%emt 0:00:10]} Bxd5 {[%emt 0:00:08]} 38. Ned4 {[%emt 0:01:05]} Qc4 {[%emt 0:00:17]} 39. Qe3 {[%emt 0:00:28]} f6 {[%emt 0:01:27]} 40. g3 {[%emt 0:00:00]} hxg3 {[%emt 0:09:35]} 41. hxg3 {[%emt 0:01:26]} Ne5 {[%emt 0:00:52]} 42. f4 {[%emt 0:04:46]} gxf4 {[%emt 0:08:14]} 43. Qxf4 {[%emt 0:02:00]} Qc7 {[%emt 0:06:42]} (43... Kc7 $16 {was called for.}) 44. Qxf6 {[%emt 0:00:15]} Qd6 {[%emt 0:02:24] [#]} 45. Nf5 $1 {[%emt 0:04:58]} Qc7 {[%emt 0:00:59]} 46. Qf8+ {[%emt 0:00:20]} Ka7 {[%emt 0:00:46]} 47. Nfd4 {[%emt 0:01:35]} Nd7 {[%emt 0:02:57]} 48. Qe7 {[%emt 0:02:50]} e5 {[%emt 0:04:36]} 49. Qxb4 $18 {[%emt 0:02:21]} Be4 {[%emt 0:01:50]} 50. Nb5+ {[%emt 0:00:19]} 1-0

[Event "XVII MetLife Najdorf Open 2017"]
[Site "Warsaw"]
[Date "2017.07.16"]
[Round "8"]
[White "Deszczynski, Adam"]
[Black "Pranav Vijay"]
[Result "1/2-1/2"]
[WhiteElo "2380"]
[BlackElo "2265"]
[Annotator "ChessBase"]
[PlyCount "126"]
[EventDate "2017.??.??"]
[EventType "swiss"]
[EventCountry "POL"]
[SourceTitle "playchess.com"]
[Source "ChessBase"]
[SourceQuality "1"]
[TimeControl "40/5400+30:1800+30"]

1. d4 {[%emt 0:00:00]} Nf6 {[%emt 0:00:07]} 2. c4 {[%emt 0:00:10]} e6 {[%emt 0:00:07]} 3. Nf3 {[%emt 0:01:40]} b6 {[%emt 0:00:12]} 4. g3 {[%emt 0:01:38]} Bb7 {[%emt 0:00:29]} 5. Bg2 {[%emt 0:01:02]} Bb4+ {[%emt 0:00:13]} 6. Bd2 {[%emt 0:05:40]} Be7 {[%emt 0:00:17]} 7. Nc3 {[%emt 0:00:56]} O-O {[%emt 0:00:20]} 8. O-O {[%emt 0:01:24]} d5 {[%emt 0:00:16]} 9. Ne5 {[%emt 0:05:57]} c6 {[%emt 0:00:34]} 10. Bf4 {[%emt 0:07:56]} Nbd7 {[%emt 0:02:07]} 11. Qa4 {[%emt 0:09:31]} Nxe5 {[%emt 0:03:57]} 12. Bxe5 {[%emt 0:00:29]} a6 {[%emt 0:05:32]} 13. Bxf6 {[%emt 0:03:33]} Bxf6 {[%emt 0:00:16]} 14. cxd5 {[%emt 0:00:48]} exd5 {[%emt 0:01:11]} 15. Rfd1 {[%emt 0:01:10]} b5 {[%emt 0:09:04]} 16. Qb3 {[%emt 0:03:30]} Qb6 {[%emt 0:00:51]} 17. e3 {[%emt 0:03:07]} Qa7 {[%emt 0:05:32]} 18. Ne2 {[%emt 0:06:38]} a5 {[%emt 0:03:34]} 19. Nf4 {[%emt 0:06:04]} b4 {[%emt 0:02:10]} 20. Rac1 {[%emt 0:01:43]} Be7 {[%emt 0:06:10]} 21. Qa4 {[%emt 0:01:10]} Qb6 {[%emt 0:16:06]} 22. Nd3 {[%emt 0:03:37]} Bd6 {[%emt 0:00:41]} 23. Nc5 {[%emt 0:01:19]} Bc8 {[%emt 0:00:31]} 24. Nb3 {[%emt 0:00:43]} Bb7 {[%emt 0:09:31]} 25. Bh3 {[%emt 0:01:19]} f5 {[%emt 0:08:38]} 26. Rc2 {[%emt 0:03:05]} Rf6 {[%emt 0:04:21]} 27. Rdc1 {[%emt 0:01:32]} Bf8 {[%emt 0:00:21]} 28. Nc5 {[%emt 0:05:44]} Bxc5 {[%emt 0:00:09]} 29. Rxc5 {[%emt 0:00:11]} g6 {[%emt 0:01:43]} 30. Bf1 {[%emt 0:02:54]} Rd6 {[%emt 0:02:10]} 31. Bd3 {[%emt 0:02:07]} Kg7 {[%emt 0:00:56]} 32. h4 {[%emt 0:01:27]} Qd8 {[%emt 0:03:05]} 33. a3 {[%emt 0:01:34]} Qb6 {[%emt 0:02:00]} 34. Kg2 {[%emt 0:02:40]} h5 {[%emt 0:05:49]} 35. Bf1 {[%emt 0:03:55]} Kh8 {[%emt 0:01:57]} 36. Kg1 {[%emt 0:00:32]} Kg7 {[%emt 0:01:32]} 37. Rd1 {[%emt 0:02:44]} Kh7 {[%emt 0:00:35]} 38. Rd3 {[%emt 0:02:18]} Ba6 {[%emt 0:03:32]} 39. Rxa5 {[%emt 0:01:25]} Rdd8 {[%emt 0:00:52]} 40. Rb3 {[%emt 0:00:00]} Bb5 {[%emt 0:00:41]} 41. Rxb5 {[%emt 0:00:56]} cxb5 {[%emt 0:01:13]} 42. Qxb4 {[%emt 0:00:12]} Qf6 {[%emt 0:03:54]} 43. Rc3 {[%emt 0:04:51]} Rac8 {[%emt 0:02:08]} 44. Rxc8 {[%emt 0:03:52]} Rxc8 {[%emt 0:00:11]} 45. Qxb5 {[%emt 0:00:31]} Qd6 {[%emt 0:01:13]} 46. b4 {[%emt 0:04:01]} Kh6 {[%emt 0:08:17]} 47. a4 {[%emt 0:10:49]} Rc1 {[%emt 0:08:36]} 48. a5 {[%emt 0:02:04]} Rb1 {[%emt 0:02:30]} 49. Qe8 {[%emt 0:03:49]} Kh7 {[%emt 0:00:28]} 50. Qf7+ {[%emt 0:03:48]} Kh8 {[%emt 0:00:31]} 51. b5 {[%emt 0:02:26]} Qb4 {[%emt 0:00:53]} 52. Qe8+ {[%emt 0:01:48]} Kh7 {[%emt 0:00:05]} 53. Qd7+ {[%emt 0:00:34]} Kh8 {[%emt 0:00:43]} 54. Qc8+ {[%emt 0:01:18]} Kh7 {[%emt 0:00:14]} 55. Qb7+ {[%emt 0:00:02]} Kh8 {[%emt 0:00:09]} 56. Qb8+ {[%emt 0:02:45]} Kh7 {[%emt 0:00:04]} 57. Qc7+ {[%emt 0:00:08]} Kh8 {[%emt 0:00:01]} 58. Qd8+ {[%emt 0:00:18]} Kh7 {[%emt 0:00:01]} 59. Qd7+ {[%emt 0:01:07]} Kh8 {[%emt 0:00:01]} 60. Qe8+ {[%emt 0:00:37]} Kh7 {[%emt 0:00:00]} 61. Qf7+ {[%emt 0:00:16]} Kh8 {[%emt 0:00:00]} 62. Qf6+ {[%emt 0:00:32]} Kh7 {[%emt 0:00:06]} 63. Qf7+ {[%emt 0:00:46]} Kh8 1/2-1/2

[Event "XVII MetLife Najdorf Open 2017"]
[Site "Warsaw"]
[Date "2017.07.16"]
[Round "8"]
[White "Kaczmarek, Aleksander"]
[Black "Rahul Srivatshav P"]
[Result "1-0"]
[WhiteElo "2380"]
[BlackElo "2295"]
[Annotator "ChessBase"]
[PlyCount "89"]
[EventDate "2017.??.??"]
[EventType "swiss"]
[EventCountry "POL"]
[SourceTitle "playchess.com"]
[Source "ChessBase"]
[SourceQuality "1"]
[TimeControl "40/5400+30:1800+30"]

1. e4 {[%emt 0:06:09]} c5 {[%emt 0:00:21]} 2. Nf3 {[%emt 0:00:03]} e6 {[%emt 0:00:24]} 3. d4 {[%emt 0:00:03]} cxd4 {[%emt 0:00:18]} 4. Nxd4 {[%emt 0:00:04]} Nc6 {[%emt 0:00:23]} 5. Nc3 {[%emt 0:00:04]} Qc7 {[%emt 0:00:15]} 6. Nxc6 {[%emt 0:00:08]} bxc6 {[%emt 0:01:51]} 7. Bd3 {[%emt 0:00:04]} Nf6 {[%emt 0:03:54]} 8. O-O {[%emt 0:00:11]} d5 {[%emt 0:00:32]} 9. Qe2 {[%emt 0:02:13]} Be7 {[%emt 0:05:29]} 10. f4 {[%emt 0:00:19]} O-O {[%emt 0:09:46]} 11. e5 {[%emt 0:00:07]} Nd7 {[%emt 0:00:15]} 12. Na4 {[%emt 0:00:12]} Rb8 {[%emt 0:16:05]} 13. b3 {[%emt 0:01:11]} c5 {[%emt 0:04:48]} 14. c4 {[%emt 0:06:20]} d4 {[%emt 0:03:10]} 15. Rf3 {[%emt 0:01:16]} f5 {[%emt 0:04:31]} 16. Rh3 {[%emt 0:14:05]} g6 {[%emt 0:02:16]} 17. Bd2 {[%emt 0:00:43]} Rf7 {[%emt 0:02:17]} 18. Kf2 {[%emt 0:03:09]} Kf8 {[%emt 0:09:34]} 19. Rg1 {[%emt 0:03:11]} Ke8 {[%emt 0:00:48]} 20. Ke1 {[%emt 0:00:13]} h5 {[%emt 0:09:31]} 21. g4 {[%emt 0:13:15]} hxg4 {[%emt 0:01:25]} 22. Rh8+ {[%emt 0:00:04]} Rf8 {[%emt 0:05:49]} 23. Rh6 {[%emt 0:00:08]} Bb7 {[%emt 0:01:11]} 24. h3 {[%emt 0:00:35]} Bf3 {[%emt 0:04:17]} 25. Qh2 {[%emt 0:00:06]} Kd8 {[%emt 0:01:44]} 26. hxg4 {[%emt 0:02:18]} fxg4 {[%emt 0:02:47]} 27. Rxg6 {[%emt 0:02:40]} Kc8 {[%emt 0:00:57]} 28. Rxe6 {[%emt 0:02:57]} Qd8 {[%emt 0:00:51]} 29. Rh6 {[%emt 0:06:47]} Nb6 {[%emt 0:00:43]} 30. Nb2 {[%emt 0:02:34]} Kc7 {[%emt 0:02:04]} 31. f5 {[%emt 0:05:55]} Bg5 {[%emt 0:01:52]} 32. Rh7+ {[%emt 0:00:12]} Kc8 {[%emt 0:00:47]} 33. f6 {[%emt 0:01:41]} Bxd2+ {[%emt 0:00:31]} 34. Qxd2 {[%emt 0:10:28]} Rb7 {[%emt 0:00:27]} 35. Bf5+ {[%emt 0:01:44]} Kb8 {[%emt 0:00:31]} 36. Rxb7+ {[%emt 0:02:04]} Bxb7 {[%emt 0:00:19]} 37. Qf4 {[%emt 0:00:44]} Ka8 {[%emt 0:00:40]} 38. Nd3 {[%emt 0:05:31]} Nd7 {[%emt 0:00:11]} 39. Bxd7 {[%emt 0:04:47]} Qxd7 {[%emt 0:00:01]} 40. Nxc5 {[%emt 0:00:00]} Qh7 {[%emt 0:00:10]} 41. Kd2 {[%emt 0:08:39]} Qh3 {[%emt 0:02:13]} 42. Qxd4 {[%emt 0:00:55]} Qf3 {[%emt 0:01:13]} 43. Nxb7 {[%emt 0:02:36]} Rh8 {[%emt 0:00:29]} 44. Nc5 {[%emt 0:01:05]} Rh2+ {[%emt 0:00:06]} 45. Kc1 {[%emt 0:00:05]} 1-0

[Event "XVII MetLife Najdorf Open 2017"]
[Site "Warsaw"]
[Date "2017.07.16"]
[Round "8"]
[White "Nurkiewicz, Maciej"]
[Black "Bilguun, Sumiya"]
[Result "1/2-1/2"]
[WhiteElo "2373"]
[BlackElo "2460"]
[Annotator "TA"]
[PlyCount "69"]
[EventDate "2017.??.??"]
[EventType "swiss"]
[EventCountry "POL"]
[SourceTitle "playchess.com"]
[Source "ChessBase"]
[SourceQuality "1"]

{[%evp 9,69,30,29,26,40,40,46,41,48,19,33,20,33,22,31,23,39,43,30,25,30,18,21,3,34,29,34,39,32,32,32,32,32,32,33,33,40,37,41,26,89,85,46,0,0,0,0,1,56,46,227,66,293,294,278,287,292,0,0,0,314,0]} 1. d4 d5 2. c4 e6 3. Nf3 c6 4. e3 Nf6 5. b3 Nbd7 (5... c5 6. cxd5 Nxd5 7. Bb2 cxd4 8. Nxd4 e5 9. Nf3 Nc6 10. Bc4 Bb4+ 11. Nbd2 Nb6 12. Bb5 Qd5 13. Bxc6+ bxc6 14. Bxe5 Bg4 15. Bc7 O-O 16. a3 Bxf3 17. axb4 Bxd1 {0-1 (17) So,W (2810)-Duda,J (2707) Leon 2017}) 6. Bb2 {D30: Queen's Gambit Declined: Systems without Nc3} Ne4 7. Bd3 f5 8. O-O {White is slightly better.} Bd6 9. Ne5 O-O 10. Qc2 Qf6 {[%cal Rd7e5]} 11. f4 Qe7 12. Nc3 Ndf6 13. Nxe4 Nxe4 14. Rac1 $146 ({Predecessor:} 14. a4 Rd8 15. Qc1 Bxe5 16. fxe5 b6 {½-½ (56) Herbold,M (2141)-Achatz,K (2033) GER email 2013}) 14... Bd7 15. c5 Bxe5 16. dxe5 b6 {[%cal Re7c5]} 17. Bxe4 fxe4 18. a4 {[%cal Ba2a4,Ba4a5,Ba5a6][%mdl 32]} Rfb8 19. Bd4 b5 20. a5 b4 21. a6 Rb5 22. Ra1 Rab8 23. g4 Rf8 24. Qf2 Rxc5 (24... Qd8 $11) 25. Bxc5 $16 Qxc5 26. Qd2 (26. Rac1 $5 {[%cal Rc1c5]} Qb6 27. Rc2 $16) 26... Qb6 27. f5 exf5 28. gxf5 Bxf5 (28... Rxf5 $11 29. Rxf5 Bxf5) 29. Qd4 $36 {[%mdl 2048] White has good play.} Qb8 $2 {[#]} (29... Qc7 $14) 30. Rac1 $2 ({White must play} 30. e6 $1 $18 {[%mdl 512]}) 30... Bh3 $2 (30... h6 $1 $14) 31. Rxf8+ $18 Qxf8 32. Qxa7 {Threatens to win with e6.} Qd8 33. Kh1 Qf8 34. Kg1 Qd8 $1 {[%cal Rd8g5] ( -> ...Qg5+)} 35. Rc2 $2 {Precision: White = 54%, Black = 37%.} (35. Rxc6 $18 Qg5+ 36. Kf2) 1/2-1/2

[Event "XVII MetLife Najdorf Open 2017"]
[Site "Warsaw"]
[Date "2017.07.16"]
[Round "8"]
[White "Kosakowski, Jakub"]
[Black "Bus, Konrad"]
[Result "1/2-1/2"]
[WhiteElo "2366"]
[BlackElo "2219"]
[Annotator "NA"]
[PlyCount "75"]
[EventDate "2017.??.??"]
[EventType "swiss"]
[EventCountry "POL"]
[SourceTitle "playchess.com"]
[Source "ChessBase"]
[SourceQuality "1"]
[TimeControl "40/5400+30:1800+30"]

1. e4 {[%emt 0:00:00]} e5 {[%emt 0:00:22]} 2. Nf3 {[%emt 0:00:00]} Nc6 {[%emt 0:00:13]} 3. Bb5 {[%emt 0:00:00]} Nf6 {[%emt 0:00:21]} 4. d3 {[%emt 0:00:54]} d6 {[%emt 0:01:23]} 5. c3 {[%emt 0:01:17]} Bd7 {[%emt 0:01:23]} 6. O-O {[%emt 0:00:18]} g6 {[%emt 0:01:32]} 7. Re1 {[%emt 0:01:49]} Bg7 {[%emt 0:00:50]} 8. Nbd2 {[%emt 0:00:34]} O-O {[%emt 0:01:19]} 9. Nf1 {[%emt 0:00:46]} Qe8 {[%emt 0:03:21]} 10. Ba4 {[%emt 0:14:52]} Nh5 {[%emt 0:06:26]} 11. Nh4 {[%emt 0:20:41]} Ne7 {[%emt 0:06:13]} 12. Bxd7 {[%emt 0:03:44]} Qxd7 {[%emt 0:01:01]} 13. Ne3 {[%emt 0:01:17]} Rad8 {[%emt 0:05:42]} 14. Nef5 {[%emt 0:05:44]} Nxf5 {[%emt 0:04:44]} 15. exf5 {[%emt 0:01:26]} Bf6 {[%emt 0:03:18]} 16. fxg6 {[%emt 0:06:50]} fxg6 {[%emt 0:05:13]} 17. Nf3 {[%emt 0:00:14]} Kh8 {[%emt 0:02:57]} 18. d4 {[%emt 0:01:35]} exd4 {[%emt 0:05:48]} 19. Nxd4 {[%emt 0:02:49]} Rde8 {[%emt 0:03:51]} 20. Be3 {[%emt 0:00:39]} Ng7 {[%emt 0:01:10]} 21. Qb3 {[%emt 0:01:46]} b6 {[%emt 0:04:50]} 22. Qb5 {[%emt 0:01:42]} Rf7 {[%emt 0:02:08]} 23. a4 {[%emt 0:00:52]} Rfe7 {[%emt 0:03:50]} 24. Qxd7 {[%emt 0:14:58]} Rxd7 {[%emt 0:00:02]} 25. Nc6 {[%emt 0:00:31]} Nf5 {[%emt 0:05:29]} 26. Nxa7 {[%emt 0:05:21]} Nxe3 {[%emt 0:01:27]} 27. fxe3 {[%emt 0:00:02]} Rde7 {[%emt 0:02:58]} 28. Nb5 {[%emt 0:00:32]} Bg5 {[%emt 0:03:22]} 29. e4 {[%emt 0:00:57]} d5 {[%emt 0:05:00]} 30. b4 {[%emt 0:00:52]} dxe4 {[%emt 0:04:00]} 31. a5 {[%emt 0:00:50]} bxa5 {[%emt 0:00:37]} 32. bxa5 {[%emt 0:00:03]} Ra8 {[%emt 0:03:44]} 33. a6 {[%emt 0:02:59]} Bd2 {[%emt 0:04:12]} 34. Re2 {[%emt 0:04:20]} e3 {[%emt 0:00:23]} 35. c4 {[%emt 0:00:09]} c6 {[%emt 0:01:04]} 36. Nd4 {[%emt 0:02:21]} Rea7 {[%emt 0:04:58]} 37. Nf3 {[%emt 0:00:31]} Rxa6 {[%emt 0:00:42]} 38. Rxa6 {[%emt 0:00:07]} 1/2-1/2

[Event "XVII MetLife Najdorf Open 2017"]
[Site "Warsaw"]
[Date "2017.07.16"]
[Round "8"]
[White "Nowak, Kamil"]
[Black "Siekanski, Janusz"]
[Result "1/2-1/2"]
[WhiteElo "2362"]
[BlackElo "2287"]
[Annotator "NA"]
[PlyCount "62"]
[EventDate "2017.??.??"]
[EventType "swiss"]
[EventCountry "POL"]
[SourceTitle "playchess.com"]
[Source "ChessBase"]
[SourceQuality "1"]
[TimeControl "40/5400+30:1800+30"]

1. e4 {[%emt 0:00:00]} c5 {[%emt 0:00:06]} 2. Nf3 {[%emt 0:00:00]} e6 {[%emt 0:00:03]} 3. d4 {[%emt 0:00:00]} cxd4 {[%emt 0:00:10]} 4. Nxd4 {[%emt 0:00:00]} Nf6 {[%emt 0:00:15]} 5. Nc3 {[%emt 0:00:00]} d6 {[%emt 0:00:02]} 6. g4 {[%emt 0:00:07]} Nc6 {[%emt 0:00:02]} 7. g5 {[%emt 0:00:36]} Nd7 {[%emt 0:00:03]} 8. Be3 {[%emt 0:00:33]} Be7 {[%emt 0:00:07]} 9. Rg1 {[%emt 0:00:05]} O-O {[%emt 0:00:17]} 10. Qh5 {[%emt 0:00:46]} g6 {[%emt 0:01:33]} 11. Qh6 {[%emt 0:00:04]} Nde5 {[%emt 0:01:22]} 12. O-O-O {[%emt 0:00:42]} f6 {[%emt 0:02:09]} 13. gxf6 {[%emt 0:00:05]} Bxf6 {[%emt 0:00:23]} 14. Nb3 {[%emt 0:00:11]} Bg7 {[%emt 0:07:43]} 15. Qh3 {[%emt 0:00:50]} Rf3 {[%emt 0:18:34]} 16. Qg2 {[%emt 0:08:28]} a6 {[%emt 0:16:02]} 17. Kb1 {[%emt 0:01:38]} b5 {[%emt 0:01:33]} 18. h4 {[%emt 0:04:30]} b4 {[%emt 0:25:54]} 19. Na4 {[%emt 0:01:23]} Rxe3 {[%emt 0:00:15]} 20. fxe3 {[%emt 0:00:33]} Qxh4 {[%emt 0:02:39]} 21. Rxd6 {[%emt 0:01:32]} Qe1+ {[%emt 0:01:07]} 22. Nc1 {[%emt 0:00:13]} Qxe3 {[%emt 0:00:43]} 23. Be2 {[%emt 0:18:30]} Bd7 {[%emt 0:03:04]} 24. Nb3 {[%emt 0:09:54]} Bf8 {[%emt 0:02:04]} 25. Rdd1 {[%emt 0:12:46]} Nd8 {[%emt 0:03:18]} 26. Nac5 {[%emt 0:01:28]} Bxc5 {[%emt 0:00:28]} 27. Qh2 {[%emt 0:00:02]} Ndf7 {[%emt 0:02:37]} 28. Rg3 {[%emt 0:00:05]} Qf2 {[%emt 0:00:49]} 29. Rg2 {[%emt 0:00:05]} Qe3 {[%emt 0:00:39]} 30. Rg3 {[%emt 0:00:04]} Qf2 {[%emt 0:00:39]} 31. Rg2 {[%emt 0:00:04]} Qe3 1/2-1/2

[Event "XVII MetLife Najdorf Open 2017"]
[Site "Warsaw"]
[Date "2017.07.16"]
[Round "8"]
[White "Omar, Noaman"]
[Black "Nasuta, Grzegorz"]
[Result "1/2-1/2"]
[WhiteElo "2354"]
[BlackElo "2455"]
[Annotator "TA"]
[PlyCount "44"]
[EventDate "2017.??.??"]
[EventType "swiss"]
[EventCountry "POL"]
[SourceTitle "playchess.com"]
[Source "ChessBase"]
[SourceQuality "1"]

1. d4 {Program Activation Required} d5 2. c4 c6 3. Nf3 Nf6 4. cxd5 cxd5 5. Nc3 Nc6 6. Bf4 Bf5 7. e3 e6 8. Bd3 Bxd3 9. Qxd3 Bb4 {D14: Slav Defence: Exchange variation with ...Bf5} (9... Bd6 10. Bxd6 Qxd6 11. O-O O-O 12. Rfc1 Rfc8 13. h3 h6 14. Nd2 Nd7 15. Ne2 Rc7 16. a3 Rac8 17. Rc3 Ne7 18. Rac1 Rxc3 19. Rxc3 Rxc3 20. Qxc3 Qc6 21. Kf1 Kf8 22. Qxc6 Nxc6 23. Nc3 Ke7 24. Ke2 a6 25. Kd3 Kd6 26. f4 f5 27. Ne2 Nf6 {½-½ (27) Li,C (2720)-Bu,X (2705) Doha 2016}) 10. O-O O-O 11. Bg5 Bxc3 12. Bxf6 Qxf6 13. Qxc3 Rfc8 14. Rac1 {[#]} Qd8 $146 15. Qd2 Na5 16. b3 f6 17. Rxc8 Rxc8 18. Rc1 Rc7 19. Ne1 Qc8 20. Nd3 Kf7 21. h4 Rxc1+ 22. Nxc1 b6 1/2-1/2

[Event "XVII MetLife Najdorf Open 2017"]
[Site "Warsaw"]
[Date "2017.07.16"]
[Round "8"]
[White "Prince, Bajaj"]
[Black "Janik, Igor"]
[Result "0-1"]
[WhiteElo "2344"]
[BlackElo "2425"]
[Annotator "TA"]
[PlyCount "72"]
[EventDate "2017.??.??"]
[EventType "swiss"]
[EventCountry "POL"]
[SourceTitle "playchess.com"]
[Source "ChessBase"]
[SourceQuality "1"]

1. e4 {Program Activation Required} c5 2. Nf3 Nc6 3. d4 cxd4 4. Nxd4 g6 5. c4 Bg7 6. Be3 Nf6 7. Nc3 O-O 8. Be2 Nxd4 9. Bxd4 d6 10. O-O a5 11. f3 Bd7 12. Rc1 a4 {B38: Sicilian: Maroczy Bind with 5...Bg7 and 7...0-0} (12... Bc6 13. Kh1 Nd7 14. f4 e5 15. Bg1 Nc5 16. Bxc5 dxc5 17. f5 Bh6 18. Rb1 Qh4 19. Qd3 Rad8 20. Nd5 Bxd5 21. cxd5 c4 22. Qf3 gxf5 23. Qxf5 Bf4 24. Qg4+ Qxg4 {½-½ (24) Socko,B (2599)-Iturrizaga Bonelli,E (2641) Berlin 2015}) 13. Qd2 Qa5 14. Rfd1 Rfc8 $146 ({NOTEXT:} 14... Be6 15. Nd5 Bxd5 16. Qxa5 Rxa5 17. cxd5 a3 18. b3 Raa8 19. Bxf6 Bxf6 20. Rc7 {½-½ (78) Podolsky,A (2190)-Can,E (2477) Chotowa 2010}) 15. Be3 Bc6 16. Nd5 Qxd2 17. Rxd2 Bxd5 18. exd5 Nd7 19. f4 b5 20. Bd4 Bxd4+ 21. Rxd4 Nb6 22. b3 axb3 23. axb3 Ra2 24. Re1 b4 25. Bd3 Rc7 26. Rde4 Kf8 27. f5 Rb2 28. c5 Rxc5 29. Rxe7 Nxd5 30. Re8+ Kg7 31. fxg6 hxg6 32. Bc4 Nf4 33. R8e4 Rxg2+ 34. Kf1 Rg4 35. h3 Rh4 36. Rd1 Rf5 0-1